000 00635nam a2200193Ia 4500
008 240729s9999 xx 000 0 und d
022 _a1573-4838
245 0 _aJournal of Materials Science: Materials in Medicine
260 _aSwitzerland
260 _bSpringer
650 _a Electrical engineering. Electronics. Nuclear engineering
650 _a Materials of engineering and construction. Mechanics of materials | Medicine
650 _a Medical technology
650 _a Medicine (General)
650 _aTechnology
856 _uhttps://doaj.org/toc/0b326b0d03cd4bada762f85e8ad27291
942 _2ddc
942 _cDOAJEJ
999 _c74342
_d74342
945 _a1
_bMadushi Gamage
_c1
_dMadushi Gamage